Prenatálny multimarkerový skríning vývojových chýb a prenatálna genetická diagnostika [príručka pre lekárov]

Bibliographic Details
Main Authors: Babjak, Pavol (Author), Cisárik, František (Author), Vavrík, Juraj (Author, Photographer)
Format: Book
Language:Slovak
PhysicalDescription:20 s. fotogr., tab., grafy 23 cm
Published: Žilina Igor Beňko Arc 2011
ISBN:9788096772627
Edition:1. vyd.
Subjects:

MARC

LEADER 00000cam a2200000 a 4500
001 vtls010278197
003 SK-MaSNL
005 20260301031740.0
008 240315s2011 xo ol f f 000 0 slo
015 |a SNBE2012/03-00774 
020 |a 9788096772627  |q (brož.)  |z 9788096772629 
040 |a SNK  |b slo  |c SNK  |e AACR2 
041 0 |a slo 
044 |a xo  |c SK 
072 7 |a 618  |x Gynekológia. Pôrodníctvo  |2 konspekt 
080 |a 618.2/.3  |2 2001 
080 |a 618.33-07  |2 2001 
080 |a 576.316.03  |2 2001 
080 |a 616-007  |2 2001 
080 |a (035)  |2 2001 
100 1 |a Babjak, Pavol  |4 aut  |9 327772 
245 1 0 |a Prenatálny multimarkerový skríning vývojových chýb a prenatálna genetická diagnostika  |b [príručka pre lekárov]  |c Pavol Babjak, František Cisarik, Juraj Vavrík ; [autor fotografie: J. Vavrík] 
250 |a 1. vyd. 
260 |a Žilina  |b Igor Beňko Arc  |c 2011 
300 |a 20 s.  |b fotogr., tab., grafy  |c 23 cm 
500 |a Zoznam použitých skratiek 
500 |a Na titulnej strane: Miroslav Ksandr: Dievča s jabĺčkom, 1978, bronz 
500 |a Názov z obalu 
504 |a Bibliografia s. 19 
650 0 7 |a vrodené vývojové chyby  |2 SNKPH  |9 108841 
650 0 7 |a tehotenstvo  |2 SNKPH  |9 2477 
650 0 7 |a prenatálny skríning  |2 SNKPH  |9 138111 
650 0 7 |a prenatálna diagnostika  |2 SNKPH  |9 86710 
650 0 7 |a chromozómové aberácie  |2 SNKPH  |9 111562 
655 7 |a príručky  |2 SNKPH  |9 74364 
700 1 |a Cisárik, František  |4 aut  |9 6890 
700 1 |a Vavrík, Juraj  |4 aut  |4 pht  |9 327773 
852 |a Štátna vedecká knižnica v Banskej Bystrici 
919 |a 978-80-967726-2-9 
958 |a MI 
958 |a NB 
999 |c 577252  |d 579182 
952 |a SNK  |b SNK  |y PREZ  |7 0  |p 17A0702576  |o snkOSC 25547  |i snk2011/10983  |8 0  |0 0  |1 0  |4 0  |d 2011-05-12  |l 0  |r 2026-02-23 14:37:44  |w 2026-02-23 
952 |a SNK  |b SNK  |y VYP  |7 0  |p 17A0702575  |o snkOSC 25547 D1  |i snk2011/10984  |8 0  |0 0  |1 0  |4 0  |d 2011-05-12  |l 0  |r 2026-02-23 14:37:44  |w 2026-02-23